000
00251nam a22001217a 4500
020
_a
1-55512-147-0
082
_a
005.1 PRO'I
100
_a
INTEL
_9
59936
245
_a
PROGRAMMABLE LOGIC
260
_a
USA
_b
INTEL
_c
1992
300
_a
5-1
942
_c
BK
999
_c
575479
_d
575479